| 000 | 01312nam a22002537a 4500 | ||
|---|---|---|---|
| 003 | OSt | ||
| 005 | 20221213112757.0 | ||
| 008 | 221213s2017 ck o|||gr|||| 00| 0bspa d | ||
| 020 | _a9789585425408 | ||
| 040 |
_aCO-JMCR _cCO-JMCR |
||
| 041 | 0 | _aspa | |
| 082 | 0 | 4 |
_223 _a926.12809861 / _bC824r |
| 100 | 1 |
_aCorrea Torres, Pablo, _eautor _942500 |
|
| 245 | 1 | 0 |
_aRodolfo Llinás : _bla pregunta difícil / _cPablo Correa |
| 250 | _aPrimera edición | ||
| 260 |
_aBogotá : _bAguilar, _c2017 |
||
| 300 |
_a169 páginas : _bfotografías a color ; _c24 cm |
||
| 500 | _aIncluye datos biográficos del autor | ||
| 505 | 0 | _aUn problema del carajo -- El gran viaje -- Nostalgia bogotana -- Descerebrando gatos -- Ciegos que ven -- El mundo según las ranas -- Amor entre neuronas -- Una historia de 400 millones de años -- El llamado de la Gran Manzana -- Arañas venenosas en Arizona -- la telepatía de las neuronas -- La parábola del dinosaurio -- Trepanando cráneos con Jeanmonod -- El mito del yo -- Nanoburbujas -- El experimento prohibido -- Ratones a la carta -- Cuando la cola se encuentra con la cabeza | |
| 600 | 1 | 4 |
_aLlinás Riascos, Rodolfo, _d1934- _vBiografías _942501 |
| 650 | 1 | 4 |
_aNeurocientíficos _zColombia _vBiografías _942502 |
| 650 | 1 | 4 |
_aCerebro _xInvestigaciones _942503 |
| 942 |
_2ddc _cBK |
||
| 999 |
_c29788 _d16172 |
||